[Event "Thueringen-ch HT"]
[Site "Finsterbergen"]
[Date "2000.04.23"]
[Round "8"]
[White "Kreutzmann, Henry"]
[Black "Siegl, Detlef"]
[Result "1/2-1/2"]
[WhiteElo "1710"]
[BlackElo "1718"]
[PlyCount "51"]
[EventDate "2000.05.??"]
[EventType "swiss"]
[EventRounds "9"]
[EventCountry "GER"]
[SourceTitle "EXT 2005"]
[Source "ChessBase"]
[SourceDate "2004.11.15"]
[SourceVersion "1"]
[SourceVersionDate "2004.11.15"]
[SourceQuality "1"]

1. Nf3 Nf6 2. b3 g6 3. Bb2 Bg7 4. c4 0-0 5. Nc3 d6 6. g3 e5 7. Bg2 Nc6 8. 0-0 Bg4 9. h3 Bxf3 10. Bxf3 Rb8 11. e3 Nd7 12. a3 Ne7 13. h4 h5 14. Ne4 Re8 15. Qc2 Nf6 16. Ng5 c6 17. d4 Qc7 18. Rad1 Nf5 19. dxe5 dxe5 20. Ne4 Nxe4 21. Qxe4 Nd6 22. Qc2 Re6 23. c5 Ne8 24. Rd2 Nf6 25. Rfd1 Rbe8 26. Rd6 1/2-1/2